[Event "Dieppe sim"]
[Site "Dieppe"]
[Date "2002.08.01"]
[Round "?"]
[White "Murey, Jacob"]
[Black "Lucia, Nicolas"]
[Result "1/2-1/2"]
[WhiteElo "2496"]
[BlackElo "1890"]
[PlyCount "58"]
[EventDate "2002.08.01"]
[EventType "simul"]
[EventRounds "1"]
[EventCountry "FRA"]
[SourceTitle "EXT 2007"]
[Source "ChessBase"]
[SourceDate "2006.11.23"]
[SourceVersion "1"]
[SourceVersionDate "2006.11.23"]
[SourceQuality "1"]

1. b3 b6 2. Bb2 Bb7 3. f4 d5 4. Nf3 e6 5. e3 Nf6 6. Be2 Bd6 7. 0-0 0-0 8. Qe1 Nbd7 9. d3 Qe7 10. Nbd2 Rfe8 11. Qh4 e5 12. f5 e4 13. dxe4 Nxe4 14. Qxe7 Rxe7 15. Nxe4 Rxe4 16. Rae1 Rae8 17. Bd4 c5 18. Bb5 cxd4 19. Bxd7 R8e7 20. Bb5 Rxe3 21. Rd1 a6 22. Bd3 Bc5 23. f6 gxf6 24. Nh4 R7e6 25. Nf5 R3e5 26. h4 Bc8 27. Kh2 Re8 28. Ng3 Bd6 29. Kg1 Kh8 1/2-1/2